Comptes les plus suivis sur Instagram - Statistiques

Statistiques générales
  • Ce quiz a été pris 47 fois
  • Le résultat moyen est 4 sur 10
Statistiques - réponses
Hint Réponse % Correct
01 Cristiano Ronaldo
98%
02 Lionel Messi
93%
07 Kim Kardashian
45%
05 Kylie Jenner
40%
08 Beyoncé
33%
03 Selena Gomez
33%
06 Ariana Grande
15%
04 Dwayne Johnson
5%
09 Khloé Kardashian
5%
10 Justin Biber
0%
Aucun quiz correspondant
Distribution des résultats
% des personnes avec chaque résultat
Percentile par nombre de réponses
Votre historique - résultats
Vous n’avez pas pris ce quiz